Los siete locos /

Guardado en:
Autor Principal: Arlt, Roberto
Formato: Libro
Publicado: La Plata : Altamira
Series:Obras de Roberto Arlt; No. 2
Materias:
Etiquetas: Agregar Etiqueta
Sin Etiquetas, Sea el primero en etiquetar este registro!
LEADER 00577nam a22002055a 4500
001 CEM.cems011042
005 20071206145545.0
008 130507b######################000#0#####d
003 CEMS
082 0 4 |a A863.4 
100 1 |a Arlt, Roberto 
245 1 0 |a Los siete locos /  |c Roberto Arlt 
260 |a La Plata :  |b Altamira 
300 |a 239 p. 
490 0 |a Obras de Roberto Arlt; No. 2 
653 |a Literatura 
653 |a Literatura argentina-siglo 20 
653 |a Novelas 
653 |a Novelas argentinas-siglo 20 
859 |a CEMS  |b BIB. CEMS - 11 de abril  |h A863.4  |i Ar75-5  |p 21846.02  |t Ej.1